| 000 | 00738cab a2200229 4500 | ||
|---|---|---|---|
| 001 | ABS57847 | ||
| 008 | 090401t1997 xxu||||| |||| 00| 0 eng d | ||
| 035 | _a(Sirsi) u81397 | ||
| 041 | _aeng | ||
| 245 | _aRetention of title in contracts of sale | ||
| 260 | _c1997 | ||
| 350 | _a0 | ||
| 490 |
_aFarm Law _vSeptember 1997, 9-13(5) |
||
| 520 | _aExamines retention of title clauses in contracts of sale. Covers general legal background, registered charge, the vital ingredients of a clause, and the use of retention clauses by livestock farmers. | ||
| 650 | _aCONTRACTS OF SALE | ||
| 650 | _aFARMERS | ||
| 650 | _aLAW | ||
| 650 | _aRETENTION OF TITLE CLAUSES | ||
| 690 | _aRURAL PRACTICE | ||
| 942 | _n0 | ||
| 948 | _c13/10/1997 | ||
| 999 |
_c51279 _d51279 |
||